Statistics for European Countries Ending in "IA"

Click here to take the quiz!

General Stats

  • This quiz has been taken 30,197 times
  • The average score is 11 of 13

Answer Stats

Country% Correct
Slovakia
93%
Slovenia
93%
Albania
89%
Latvia
89%
Lithuania
89%
Bulgaria
88%
Estonia
88%
Romania
88%
Serbia
87%
Croatia
85%
Austria
81%
North Macedonia
76%
Russia
75%

Score Distribution

Percentile by Number Answered

Percent of People with Each Score

Your Score History

You have not taken this quiz